[Event "Internet Section 06A g/8'+2\""]
[Site "Dos Hermanas"]
[Date "2004.03.06"]
[Round "6"]
[White "Annaev, Vladimir"]
[Black "Anadol, Cagatay"]
[Result "1-0"]
[WhiteElo "1916"]
[BlackElo "1497"]
[PlyCount "46"]
[EventDate "2004.03.06"]
[EventType "swiss (blitz)"]
[EventRounds "9"]
[EventCountry "ESP"]
[SourceTitle "CBM 099 Extra"]
[Source "ChessBase"]
[SourceDate "2004.05.04"]
[SourceVersion "1"]
[SourceVersionDate "2004.05.04"]
[SourceQuality "1"]

1. e4 c5 2. Nf3 d6 3. d4 cxd4 4. Nxd4 g6 5. Nc3 Bg7 6. Bc4 Bd7 7. Be3 Nc6 8. Qd2 h5 9. 0-0-0 Nf6 10. f3 a6 11. Bb3 Rc8 12. Nd5 Ne5 13. Bg5 Nc4 14. Bxc4 Rxc4 15. Nxf6+ exf6 16. Be3 Qc7 17. Kb1 0-0 18. h4 Rd8 19. g4 hxg4 20. h5 gxh5 21. Rxh5 gxf3 22. Bh6 Bg4 23. Bxg7 Rxc2 1-0

[Event "Internet Section 06A g/8'+2\""]
[Site "Dos Hermanas"]
[Date "2004.03.06"]
[Round "8"]
[White "Annaev, Vladimir"]
[Black "Ibarra Chami, Luis Fernando"]
[Result "1-0"]
[WhiteElo "1971"]
[BlackElo "2091"]
[PlyCount "35"]
[EventDate "2004.03.06"]
[EventType "swiss (blitz)"]
[EventRounds "9"]
[EventCountry "ESP"]
[SourceTitle "CBM 099 Extra"]
[Source "ChessBase"]
[SourceDate "2004.05.04"]
[SourceVersion "1"]
[SourceVersionDate "2004.05.04"]
[SourceQuality "1"]

1. e4 e6 2. d4 d5 3. Nc3 Nf6 4. Bg5 Bb4 5. e5 h6 6. Bd2 Bxc3 7. Bxc3 Ne4 8. Bd2 c5 9. c3 Nxc3 10. bxc3 Nc6 11. Qg4 g6 12. Nf3 Bd7 13. Bd3 c4 14. Bxg6 Rg8 15. Bxf7+ Kxf7 16. Qh5+ Ke7 17. Bxh6 Qe8 18. Qh4+ 1-0